Dona Flora a jej dvaja mužovia (Record no. 20610)
[ view plain ]
| 000 -LEADER | |
|---|---|
| fixed length control field | 01309nam a2200385 a 4500 |
| 001 - CONTROL NUMBER | |
| control field | 20610 |
| 003 - CONTROL NUMBER IDENTIFIER | |
| control field | VRT |
| 005 - DATE AND TIME OF LATEST TRANSACTION | |
| control field | 20260127141635.0 |
| 008 - FIXED-LENGTH DATA ELEMENTS--GENERAL INFORMATION | |
| fixed length control field | 250414s1981 xo 0 slo |
| 015 ## - NATIONAL BIBLIOGRAPHY NUMBER | |
| National bibliography number | SNBA1981/08 |
| 035 ## - SYSTEM CONTROL NUMBER | |
| System control number | SNK000045375 |
| 039 #9 - LEVEL OF BIBLIOGRAPHIC CONTROL AND CODING DETAIL [OBSOLETE] | |
| Level of rules in bibliographic description | 202504141425 |
| Level of effort used to assign nonsubject heading access points | VLOAD |
| Level of effort used to assign subject headings | 202403151759 |
| Level of effort used to assign classification | VLOAD |
| Level of effort used to assign subject headings | 202111090904 |
| Level of effort used to assign classification | AUTHORITY |
| Level of effort used to assign subject headings | 201808151734 |
| Level of effort used to assign classification | VLOAD |
| 040 ## - CATALOGING SOURCE | |
| Original cataloging agency | SNK |
| Language of cataloging | slo |
| Transcribing agency | SNK |
| Description conventions | AACR2 |
| 041 0# - LANGUAGE CODE | |
| Language code of text/sound track or separate title | slo |
| 044 ## - COUNTRY OF PUBLISHING/PRODUCING ENTITY CODE | |
| MARC country code | xo |
| ISO country code | SK |
| 080 ## - UNIVERSAL DECIMAL CLASSIFICATION NUMBER | |
| Universal Decimal Classification number | 869.0 (81)-3 |
| Edition identifier | 1981 |
| 100 1# - MAIN ENTRY--PERSONAL NAME | |
| Personal name | Amado, Jorge, |
| Dates associated with a name | 1912-2001 |
| Relationship | aut |
| 245 10 - TITLE STATEMENT | |
| Title | Dona Flora a jej dvaja mužovia |
| Statement of responsibility, etc. | Jorge Amado ; Štefan Martoňák, Miroslav Cipár, Igor Imro |
| 250 ## - EDITION STATEMENT | |
| Edition statement | 1. vyd. |
| 260 ## - PUBLICATION, DISTRIBUTION, ETC. | |
| Place of publication, distribution, etc. | Bratislava |
| Name of publisher, distributor, etc. | Tatran |
| Date of publication, distribution, etc. | 1981 |
| Place of manufacture | Banská Bystrica |
| Manufacturer | Tlačiarne SNP |
| 300 ## - PHYSICAL DESCRIPTION | |
| Extent | 527 s., 30 AH |
| Dimensions | 21 cm |
| 366 ## - TRADE AVAILABILITY INFORMATION | |
| Note | 35000 výtl. |
| 490 0# - SERIES STATEMENT | |
| Series statement | LUK |
| Volume/sequential designation | Zv. 82. |
| 500 ## - GENERAL NOTE | |
| General note | Text na predsádkach. |
| 700 1# - ADDED ENTRY--PERSONAL NAME | |
| Personal name | Martoňák, Štefan |
| Relationship | trl |
| 700 1# - ADDED ENTRY--PERSONAL NAME | |
| Personal name | Cipár, Miroslav, |
| Dates associated with a name | 1935-2021 |
| Relationship | bkd |
| 700 1# - ADDED ENTRY--PERSONAL NAME | |
| Personal name | Imro, Igor, |
| Dates associated with a name | 1943- |
| Relationship | bkd |
| 942 ## - ADDED ENTRY ELEMENTS (KOHA) | |
| Source of classification or shelving scheme | Dewey Decimal Classification |
| Koha item type | Krásna literatúra pre dospelých |
| Suppress in OPAC | No |
| 949 ## - LOCAL PROCESSING INFORMATION (OCLC) | |
| 6 | 273K0143035 |
| a | svkpoA 119889 |
| b | svkpo279383 |
| 949 ## - LOCAL PROCESSING INFORMATION (OCLC) | |
| 6 | 17A0031666 |
| 9 | P60, <05>, [BOOK], {605} |
| a | snkSC 52630 D1 |
| 949 ## - LOCAL PROCESSING INFORMATION (OCLC) | |
| 6 | 17A0864160 |
| a | snkSC 52630 |
| 949 ## - LOCAL PROCESSING INFORMATION (OCLC) | |
| 6 | 273K0581613 |
| a | svkpoA 223475 |
| b | svkpo579801 |
| Stav vyradenia | Strata | Poškodenie | Spôsob nadobudnutia | Domovská knižnica | Aktuálna knižnica | Dátum nadobudnutia | Total checkouts | Čiarový kód exemplára | Date last seen | Typ exemplára |
|---|---|---|---|---|---|---|---|---|---|---|
| Dar | Obecná knižnica Horná Štubňa | Obecná knižnica Horná Štubňa | 27.01.2026 | 4736200712 | 27.01.2026 | Krásna literatúra pre dospelých |
